Entry Nombre personal
001 - NÚMERO DE CONTROL
- campo de control: 94880
003 - IDENTIFICADOR DE NÚMERO DE CONTROL
- campo de control: OSt
005 - FECHA Y HORA DE LA ÚLTIMA TRANSACCIÓN
- campo de control: 20230222192559.0
008 - ELEMENTOS DE DATO DE LONGITUD-FIJA
- campo de control de longitud fija: 070308 n acnnnaaan n bnn d
040 ## - FUENTE DE CATALOGACIÓN
- Centro catalogador/agencia de origen: OSt
- Centro/agencia transcriptor: OSt
100 0# - ENCABEZAMIENTO-NOMBRE DE PERSONA
- Nombre de persona: Rachilde (
- Fechas asociadas al nombre: 1860-1953)
400 1# - TRAZADO DE VÉASE--NOMBRE DE PERSONA
- Nombre de persona: Chibra, Jean de
400 1# - TRAZADO DE VÉASE--NOMBRE DE PERSONA
- Nombre de persona: Chilra, Jean de
400 1# - TRAZADO DE VÉASE--NOMBRE DE PERSONA
- Nombre de persona: Eymery, Marguerite
400 1# - TRAZADO DE VÉASE--NOMBRE DE PERSONA
- Nombre de persona: Vallette, Alfred
